आईने के सामने (Record no. 7300)

MARC details
000 -LEADER
fixed length control field 01268 a2200253 4500
005 - DATE AND TIME OF LATEST TRANSACTION
control field 20080916125729.0
008 - FIXED-LENGTH DATA ELEMENTS--GENERAL INFORMATION
fixed length control field 080916t xxu||||| |||| 00| 0 hin d
010 ## - LCCN (DPL NO)
LC control number HIN-80917
020 ## - INTERNATIONAL STANDARD BOOK NUMBER
International Standard Book Number 8189850733
Terms of availability 150.00
035 ## - SYSTEM CONTROL NUMBER
System control number HN-53263
037 ## - SOURCE OF ACQUISITION
Source of stock number/acquisition D.B.Act / pub
082 ## - DEWEY DECIMAL CLASSIFICATION NUMBER
Classification number
100 ## - MAIN ENTRY--PERSONAL NAME
Personal name गुहा, बुद्धदेव
245 ## - TITLE STATEMENT
Title आईने के सामने
Statement of responsibility, etc बुद्धदेव गुहा;बांग्ला से अनुवादक सुनीता चौरसिया
246 ## - VARYING FORM OF TITLE
Title proper/short title Aainey ke Saamne
Remainder of title by Buddhadev Guha; Ed by Tren by Sunita Chorsiya
260 ## - PUBLICATION, DISTRIBUTION, ETC. (IMPRINT)
Place of publication, distribution, etc नोएडा
Name of publisher, distributor, etc रेमाधव पब्लिकेशन्स
Date of publication, distribution, etc 2006
270 ## - ADDRESS
Address सी-94, सेक्टर-63
City नोएडा(उ.प्र.)
Postal code 201301
Electronic mail address contact@remadhav.com
300 ## - PHYSICAL DESCRIPTION
Extent 109पृ
Dimensions 22 सेमी (सजिल्द)
650 ## - SUBJECT ADDED ENTRY--TOPICAL TERM
Topical term or geographic name as entry element हिन्दी कहानियाँ
650 ## - SUBJECT ADDED ENTRY--TOPICAL TERM
Topical term or geographic name as entry element Hindi Stories
700 ## - ADDED ENTRY--PERSONAL NAME
Personal name चौरसिया, सुनीता
942 ## - ADDED ENTRY ELEMENTS (KOHA)
Institution code [OBSOLETE] dpl
Item type Hindi Books
Call number prefix क / गुहाबु
Source of classification or shelving scheme Dewey Decimal Classification
Classification part
Call number suffix गुहाबु
Holdings
Withdrawn status Lost status Source of classification or shelving scheme Damaged status Not for loan Home library Current library Date acquired Cost, normal purchase price Total Checkouts Full call number Barcode Date last seen Copy number Cost, replacement price Koha item type
    Dewey Decimal Classification     D.B.Act.Division D.B.Act.Division 16/09/2008 150.00   क गुहाबु HN-53263 15/09/2008 1 150.00 Hindi Books

© Delhi Public Library
Hit Counter
free hit counter